Estadísticas para Ciudades de Al-Andalus

Haz click aquí para intentar la prueba.

Estadísticas generales

  • Esta prueba ha sido intentada 21 veces
  • La puntuación promedio es 22 de 32

Estadísticas de respuestas

Ciudad AndalusíCiudad Actual% Correcto
Yazirat QadisCádiz
100%
Qurtuba (Capital del Emirato y del Califato)Córdoba
100%
Garnatah (Capital Nazarí)Granada
100%
Isbiliya (Capital Almohade)Sevilla
100%
MalakahMalaga
94%
MursiyyaMurcia
94%
Al-MariyyaAlmería
89%
Balad al-lauzBadajoz
89%
BarshilunanBarcelona
89%
Al-MayritMadrid
89%
MaridaMérida
89%
BalansiyyaValencia
89%
LaridaLerida
83%
QarmunaCarmona
72%
YaiyanJaén
72%
LishbunahLisboa
72%
SaraqustaZaragoza
72%
AnduyarAndujar
67%
Hizn QazrisCáceres
67%
Al-Yazirat TarifTarifa
67%
Al-BasitAlbacete
61%
Al-QudiaAlcudia
61%
Qartayannat al-HalfaCartagena
56%
DaniyyaDenia
56%
Madinat SharishJerez
56%
Madina MayurqaPalma de Mallorca
56%
TulaytulaToledo
56%
TurtuxaTortosa
39%
Al-Yazira al-JadrāAlgeciras
28%
Wadi AshGuadix
22%
Lebla Al-HambraNiebla
11%
TaryalaTrujillo
0%

Distribución de puntuación

Porcentaje por número respondido

Porcentaje de gente con cada puntuación

Historial de tus puntuaciones

No has intentado esta prueba.